New Theories of Discourse : Laclau, Mouffe and Zizek /

Збережено в:
Бібліографічні деталі
Автор: Torfing, Jacob
Формат: Книга
Мова:Англійська
Опубліковано: Oxford Blackwell 1999 [ 2003 ]
Malden (Massachusetts)
Теги: Додати тег
Немає тегів, Будьте першим, хто поставить тег для цього запису!

MARC

LEADER 00000nam a2200000 4500
001 CDOM0000003747
003 mi
005 20251017104521.0
008 251017b |||||||| |||| 00| 0 eng d
020 |a 9780631195580 
040 |c mi 
100 |a Torfing, Jacob 
245 1 |a New Theories of Discourse :  |b Laclau, Mouffe and Zizek /  |c Jacob Torfing 
260 |a Oxford  |b Blackwell  |c 1999 [ 2003 ] 
260 |a Malden (Massachusetts) 
300 |a 342 p. ;  |c 23 cm. 
942 |2 ddc  |c BK 
952 |0 0  |1 0  |2 ddc  |4 0  |6 B_SCR03TORJANEW11  |7 0  |9 6961  |a MI  |b MI  |d 2009-08-24  |i 5459  |l 0  |o B-SCR03-TORJA-NEW11  |p CDOM5459  |r 2025-07-13 16:28:00  |w 2025-07-13  |x ACQUISTO  |y BK 
999 |c 5683  |d 5683